| 000 | 00673 a2200193 4500 | ||
|---|---|---|---|
| 001 | 130923 | ||
| 020 | _a85-224-1748-2 | ||
| 040 | _cLeonardo Da Vinci | ||
| 041 | _aPortuguês | ||
| 082 |
_a658.4013 P177q _bP177q |
||
| 100 | _aPALADINI, Edson Pacheco | ||
| 245 |
_aQualidade total na prática _bimplantação e avaliação de sistemas de qualidade total |
||
| 250 | _a2.ed | ||
| 260 |
_bAtlas _c1997 _aSão Paulo |
||
| 300 | _a217 | ||
| 362 | _a19970000 | ||
| 697 |
_aAdministração _aComportamento organizacional _aAprendizagem organizacional _aQualidade _aQualidade organizacional _aQualidade total _aControle de qualidade _aCliente _aImplantação _aFIPEN |
||
| 942 | _cBK | ||
| 999 |
_c130923 _d130923 |
||